000 00316nam a22001457a 4500
003 SGT
082 _bC11J
100 _aJOHN. DAVID JACKSON
245 _aCLASSICAL ELECTRODYNAMICS
250 _a3RD
260 _bJOHN. WILEY & SONS
_c2011
300 _a808
650 _aPHYSICAL SCIENCES
942 _2ddc
_cBK
999 _c15470
_d15470